000 00261nam a22001097a 4500
008 170118b xxu||||| |||| 00| 0 eng d
020 _a0863880495
041 _aeng
080 _a618.2
245 _aWORKING WITH SWALLOWING DISORDERS
_cLANGLEY, J
942 _2udc
_cBK
999 _c3133
_d3133